Апостол с толкованием. Толковый апостол. [Т. 2] (Запись № 9780386)
[ простой вид ]
| 000 -МАРКЕР | |
|---|---|
| контрольное поле | 01427nam2a2200241 i 4500 |
| 001 - ИДЕНТИФИКАТОР ЗАПИСИ | |
| контрольное поле | RU\NLR\BIBL_A\010712704 |
| 005 - ИДЕНТИФИКАТОР ВЕРСИИ | |
| контрольное поле | 20240728145417.0 |
| 010 ## - МЕЖДУНАРОДНЫЙ СТАНДАРТНЫЙ НОМЕР КНИГИ (ISBN) | |
| Номер (ISBN) | 9785485004644 |
| Уточнения | т. 2 |
| Тираж | 1500 |
| 021 ## - НОМЕР ГОСУДАРСТВЕННОЙ РЕГИСТРАЦИИ | |
| Код страны | Российская Федерация |
| Номер | 2015-123 |
| Номер Листа государственной регистраци | 547 |
| 035 ## - ДРУГИЕ СИСТЕМНЫЕ НОМЕРА | |
| Идентификатор записи | (NLR Aleph) 010712704 |
| 100 ## - ДАННЫЕ ОБЩЕЙ ОБРАБОТКИ | |
| Данные общей обработки | 20150401d2015 km y0rusy50 ca |
| 101 0# - ЯЗЫК РЕСУРСА | |
| Язык текста, звукозаписи и т.д. | русский |
| 102 ## - СТРАНА ПУБЛИКАЦИИ ИЛИ ПРОИЗВОДСТВА | |
| Страна публикации | Российская Федерация |
| 105 ## - ПОЛЕ КОДИРОВАННЫХ ДАННЫХ: ТЕКСТОВЫЕ МАТЕРИАЛЫ, МОНОГРАФИЧЕСКИЕ | |
| Кодированные данные о монографическом текстовом документе | y w 000yy |
| 200 0# - ЗАГЛАВИЕ И СВЕДЕНИЯ ОБ ОТВЕТСТВЕННОСТИ | |
| Основное заглавие | [Т. 2] |
| 210 ## - ПУБЛИКАЦИЯ, РАСПРОСТРАНЕНИЕ И ДР. | |
| Дата издания, распространения и т.д. | 2015 |
| 215 ## - ФИЗИЧЕСКАЯ ХАРАКТЕРИСТИКА | |
| Специфическое обозначение материала и объем | 959 c. |
| 461 #0 - УРОВЕНЬ НАБОРА | |
| Встроенное поле | 001RU\NLR\BIBL_A\010774367 |
| -- | 2000#$aАпостол с толкованием. Толковый апостол$eобъяснение книги деяний свв. апостолов и соборных посланий$fархиеп. Никанор (Каменский)$g[сост.: Г.М. Гупало]$v[Т. 2] |
| -- | 700#1$aНиканор$cКаменский, Никифор Тимофеевич$cархиепископ Казанский и Свияжский$f1847-1910$3RU\NLR\AUTH\7748971 |
| Системный номер (АБИС) связанной записи | 10035817 |
| Автор | Никанор (Каменский, Никифор Тимофеевич ; 1847-1910) |
| Место публикации | Москва |
| Дата публикации | 2015 |
| Первые сведения об ответственности | архиеп. Никанор (Каменский) |
| Имя издателя, распространителя и т.д. | Даръ |
| Сведения, относящиеся к заглавию | объяснение книги деяний свв. апостолов и соборных посланий |
| Заглавие | Апостол с толкованием. Толковый апостол |
| ISBN | 9785485004620 |
| Номер тома | [Т. 2] |
| 942 ## - ДОПОЛНИТЕЛЬНЫЕ ЭЛЕМЕНТЫ ЗАПИСИ (АБИС) | |
| Тип экземпляра АБИС | Книга |
| 980 ## - КОЛЛЕКЦИЯ | |
| Название коллекции | НБР |
Нет доступных экземпляров.